| 000 | 00700cam a2200217 4500 | ||
|---|---|---|---|
| 001 | ABS65898 | ||
| 008 | 020927n2002 000 0 eng u | ||
| 035 | _a(Sirsi) u119886 | ||
| 100 | _aBingham, T | ||
| 245 | _aOh, the brass! | ||
| 260 | _c2002 | ||
| 490 |
_aBuilding _v267(8245) 2 August 2002, 44-45(2) |
||
| 520 | _aConsiders the recent development of the Construction Industry Training Board using the training levy to discriminate against builders that use self-employed labour. | ||
| 590 | _aABS | ||
| 650 | _aCAREERS, EDUCATION AND TRAINING | ||
| 650 | _aCONSTRUCTION INDUSTRY TRAINING BOARD | ||
| 650 | _aCITB | ||
| 650 | _aBUILDERS | ||
| 690 | _aBUILT ENVIRONMENT | ||
| 942 | _n0 | ||
| 999 |
_c71249 _d71249 |
||